Plato's ethics (Record no. 3950)
[ view plain ]
| 000 -LEADER | |
|---|---|
| fixed length control field | 00429nam a2200181Ia 4500 |
| 003 - CONTROL NUMBER IDENTIFIER | |
| control field | 0100 |
| 008 - FIXED-LENGTH DATA ELEMENTS--GENERAL INFORMATION | |
| fixed length control field | 130227s9999 xx 000 0 und d |
| 040 ## - CATALOGING SOURCE | |
| Transcribing agency | ARRUPELIB |
| 050 ## - LIBRARY OF CONGRESS CALL NUMBER | |
| Classification number | B398.E8178 |
| 100 ## - MAIN ENTRY--PERSONAL NAME | |
| Personal name | Irwin, Terence |
| 9 (RLIN) | 18865 |
| 245 ## - TITLE STATEMENT | |
| Title | Plato's ethics |
| 260 ## - PUBLICATION, DISTRIBUTION, ETC. (IMPRINT) | |
| Place of publication, distribution, etc | New York |
| 260 ## - PUBLICATION, DISTRIBUTION, ETC. (IMPRINT) | |
| Name of publisher, distributor, etc | Oxford University Press |
| Date of publication, distribution, etc | 1995 |
| 300 ## - PHYSICAL DESCRIPTION | |
| Extent | 436p. |
| 300 ## - PHYSICAL DESCRIPTION | |
| Other physical details | 23 cm |
| 650 ## - SUBJECT ADDED ENTRY--TOPICAL TERM | |
| Topical term following geographic name as entry element | Capital |
| 9 (RLIN) | 18866 |
| 942 ## - ADDED ENTRY ELEMENTS (KOHA) | |
| Source of classification or shelving scheme | Library of Congress Classification |
| Koha issues (borrowed), all copies | 4 |
| Item type | Monograph ( Printed materials) |
| Withdrawn status | Lost status | Source of classification or shelving scheme | Damaged status | Not for loan | Collection code | Home library | Current library | Shelving location | Date acquired | Total Checkouts | Full call number | Barcode | Date last seen | Date last borrowed | Price effective from | Koha item type |
|---|---|---|---|---|---|---|---|---|---|---|---|---|---|---|---|---|
| Library of Congress Classification | Main Collection | ARRUPE LIBRARY | ARRUPE LIBRARY | Main Collection | 10/04/2014 | 9 | B398.E8178 | 46500001707 | 09/09/2024 | 30/11/2023 | 10/04/2014 | Monograph ( Printed materials) | ||||
| Library of Congress Classification | ARRUPE LIBRARY | ARRUPE LIBRARY | 26/08/2015 | 8 | B398.E8178 | 46003088306 | 24/01/2019 | 11/01/2019 | 26/08/2015 | Monograph ( Printed materials) |